[Event "World Rapid Team 2023"]
[Site "Dusseldorf GER"]
[Date "2023.08.28"]
[Round "11.18"]
[Board "2"]
[White "Heinert, Eugen"]
[Black "Braun, Kristin"]
[Result "1-0"]
[WhiteElo "2121"]
[BlackElo "1906"]
[WhiteTeam "Blerickse Schaakvereniging"]
[BlackTeam "Unischach Bayreuth"]
[WhiteFideId "24621390"]
[BlackFideId "24656534"]
[EventDate "2023.08.26"]

1. e4 c5 2. Nf3 d6 3. Bb5+ Bd7 4. Bxd7+ Qxd7 5. c4 Nf6 6. Nc3 Nc6 7. d4 cxd4 8.
Nxd4 g6 9. f3 Bg7 10. Be3 O-O 11. O-O a6 12. Qd3 Rac8 13. b3 Qc7 14. Rac1 Qa5
15. Rfd1 Rfd8 16. Nde2 Nd7 17. Qd2 Nc5 18. Nd4 Ne6 19. Nde2 Nc5 20. h4 h5 21.
Bg5 Ne6 22. Be3 Nc5 23. Nd5 Qxd2 24. Rxd2 Nd7 25. Rcd1 Kf8 26. Bg5 f6 27. Be3
Nce5 28. Nd4 Kf7 29. Kf2 Bf8 30. Nf4 Nc5 31. Nd5 e6 32. Nb6 Rc7 33. Ne2 Ng4+ 34.
fxg4 Nxe4+ 35. Kf3 Nxd2+ 36. Rxd2 hxg4+ 37. Kxg4 f5+ 38. Kf3 Be7 39. Na4 Rcd7
40. Nb6 Rc7 41. g3 Bf6 42. a4 Rc6 43. a5 d5 44. cxd5 exd5 45. Rxd5 Rxd5 46. Nxd5
Bd8 47. b4 Rc2 48. Nd4 Rb2 49. Ne2 Be7 50. Nxe7 Kxe7 51. Bc5+ Ke6 52. Nf4+ Kf7
53. Ne2 Rb1 54. Nf4 Rb2 55. Nh3 Rb1 56. Ng5+ Kf6 57. Bd4+ Ke7 58. Bc5+ Kf6 59.
Kf4 Rf1+ 60. Nf3 Rb1 61. g4 fxg4 62. Kxg4 Rb3 63. Bd4+ Kf7 64. Ng5+ Kg8 65. Bc5
Kg7 66. Ne4 Rb1 67. Nd6 Re1 68. Nxb7 Re6 69. Kf4 Rc6 70. Ke5 Kh6 71. Be7 Rc7 72.
Bg5+ Kh5 73. Nc5 Ra7 74. Kd6 Ra8 75. Kc7 Ra7+ 76. Kb6 Ra8 77. Nxa6 Re8 78. Nc5
Re5 79. a6 Rd5 80. a7 Rd4 81. b5 Rd6+ 82. Kc7 Rd2 83. Bxd2 1-0

[Event "World Rapid Team 2023"]
[Site "Dusseldorf GER"]
[Date "2023.08.28"]
[Round "11.18"]
[Board "3"]
[White "Strahl, Christian"]
[Black "Gramb, Marius"]
[Result "0-1"]
[WhiteElo "1857"]
[BlackElo "2219"]
[WhiteTeam "Unischach Bayreuth"]
[BlackTeam "Blerickse Schaakvereniging"]
[WhiteFideId "12955019"]
[BlackFideId "24656593"]
[EventDate "2023.08.26"]

1. e4 c5 2. Nf3 d6 3. Bb5+ Nd7 4. c4 Nf6 5. Nc3 g6 6. O-O Bg7 7. d4 cxd4 8. Nxd4
O-O 9. Bxd7 Bxd7 10. Qd3 Rc8 11. f3 a6 12. Be3 Qc7 13. b3 b5 14. Nd5 Nxd5 15.
cxd5 Qc3 16. Rad1 b4 17. Rf2 h5 18. g3 Rc7 19. Ne2 Qxd3 20. Rxd3 Bb5 21. Rd1
Rfc8 22. Nd4 Bd7 23. Kg2 Rc3 24. Re2 Kf8 25. Kf2 Bf6 26. h4 Be5 27. Rdd2 Kg7 28.
Rd1 Kf8 29. Rdd2 Ke8 30. Rd1 Kd8 31. Rdd2 Ke8 32. Rd1 R8c7 33. Rdd2 Rc1 34. f4
Bh3 35. Re1 Rxe1 36. Kxe1 Rc3 37. Bf2 Bg7 38. Rd1 Bg4 39. Rb1 Bxd4 40. Bxd4 Rxg3
41. Rc1 Rf3 42. Rc6 Rxf4 43. Be3 Rxe4 44. Kf2 f5 45. Rxa6 f4 46. Bb6 Re2+ 47.
Kf1 Rd2 48. Ra4 Bh3+ 49. Ke1 Rxd5 50. Rxb4 f3 51. a4 Re5+ 52. Kf2 Bg2 53. a5
Re2+ 54. Kg3 Ra2 55. Re4 Ra1 56. b4 f2 57. Bxf2 Bxe4 58. Kf4 Bd3 0-1

[Event "World Rapid Team 2023"]
[Site "Dusseldorf GER"]
[Date "2023.08.28"]
[Round "11.18"]
[Board "4"]
[White "Bergmans, Dirk"]
[Black "Glock, Benjamin"]
[Result "1-0"]
[WhiteElo "2015"]
[BlackElo "1782"]
[WhiteTeam "Blerickse Schaakvereniging"]
[BlackTeam "Unischach Bayreuth"]
[WhiteFideId "1042327"]
[BlackFideId "12942103"]
[EventDate "2023.08.26"]

1. d4 Nf6 2. Bg5 d5 3. Nd2 e6 4. e3 Be7 5. Bd3 b6 6. c3 Bb7 7. f4 Ne4 8. Bxe7
Qxe7 9. Ngf3 Nd7 10. O-O O-O 11. Bxe4 dxe4 12. Ng5 f5 13. Qb3 Rf6 14. Rac1 h6
15. Nh3 Rg6 16. Nf2 Kh7 17. Kh1 Rd8 18. Qd1 Nf6 19. a3 Nd5 20. Qe1 Ba6 21. Rg1
c5 22. g3 h5 23. h4 Nf6 24. Qd1 Ng4 25. Nxg4 Rxg4 26. Rg2 Qf6 27. Qa4 Bd3 28.
Qxa7 Qg6 29. Kh2 cxd4 30. cxd4 Rd6 31. Qb8 Rd5 32. Rc8 Qf6 33. b4 Rxh4+ 34. Kg1
Rg4 35. Kf2 Kg6 36. Rh8 Qf7 37. Rh2 h4 38. R2xh4 Rxh4 39. Rxh4 Rd7 40. Rh8 b5
41. Nb3 Qe7 42. Nc5 Rc7 43. Qe8+ Qxe8 44. Rxe8 Ra7 45. Rxe6+ Kf7 46. Ra6 Rc7 47.
Rb6 Ra7 48. Rb7+ Rxb7 49. Nxb7 Ke6 50. Ke1 Kd5 51. Kd2 Kc4 52. Nc5 Bf1 53. Ke1
Bh3 54. Ne6 g6 55. Nc7 1-0

[Event "World Rapid Team 2023"]
[Site "Dusseldorf GER"]
[Date "2023.08.28"]
[Round "11.18"]
[Board "5"]
[White "Holoubek, Jonas"]
[Black "Alonso, Jose Antonio"]
[Result "0-1"]
[WhiteElo "1570"]
[BlackElo "1836"]
[WhiteTeam "Unischach Bayreuth"]
[BlackTeam "Blerickse Schaakvereniging"]
[WhiteFideId "16283260"]
[BlackFideId "16213130"]
[EventDate "2023.08.26"]

1. d4 Nf6 2. c4 e6 3. Nf3 b6 4. g3 Bb7 5. Bg2 c5 6. O-O cxd4 7. Nxd4 Bxg2 8.
Kxg2 Bc5 9. e3 O-O 10. a3 Qc7 11. Qc2 Nc6 12. Nb5 Qb7 13. f3 a6 14. b4 axb5 15.
bxc5 bxc5 16. cxb5 Qxb5 17. Nc3 Qc4 18. Qd2 d5 19. Bb2 Rfb8 20. Rfc1 Na5 21. Ne2
Nb3 22. Rxc4 Nxd2 23. Rc2 Nc4 24. Rxc4 Rxb2 25. Rxc5 Rxe2+ 26. Kf1 Rxh2 27. Kg1
Re2 28. Rac1 h6 29. R5c3 Kh7 30. Kf1 Ra2 31. g4 R2xa3 32. Rc7 Rxe3 33. Rxf7
Rxf3+ 34. Kg2 Rf4 35. Rcc7 Rxg4+ 36. Kf3 Rg6 37. Kf4 Ra4+ 38. Ke5 Re4+ 39. Kd6
Ne8+ 0-1

[Event "World Rapid Team 2023"]
[Site "Dusseldorf GER"]
[Date "2023.08.28"]
[Round "11.18"]
[Board "6"]
[White "Hartjes, Jenny"]
[Black "Hollstein, Jonas"]
[Result "0-1"]
[WhiteElo "1685"]
[BlackElo "1495"]
[WhiteTeam "Blerickse Schaakvereniging"]
[BlackTeam "Unischach Bayreuth"]
[WhiteFideId "16222334"]
[BlackFideId "16266870"]
[EventDate "2023.08.26"]

1. d4 d5 2. Nf3 c6 3. c4 Nf6 4. cxd5 cxd5 5. Nc3 Nc6 6. Bg5 e6 7. e3 Be7 8. Be2
h6 9. Bh4 O-O 10. O-O Bd7 11. h3 a6 12. Bg3 b5 13. a3 Qb6 14. Nd2 b4 15. axb4
Nxb4 16. Na2 Nc6 17. b3 Rfc8 18. Qb1 Ne8 19. Rc1 a5 20. Nc3 Nb4 21. Na2 Nc6 22.
Nc3 Nb4 23. Na4 Qd8 24. Rxc8 Rxc8 25. Bd1 Rc6 26. Nf3 f6 27. Nd2 Nc7 28. Nb2 Nb5
29. Be2 Nc3 30. Qe1 Bf8 31. Bh2 Be7 32. Bg3 Qb6 33. Na4 Qd8 34. Nxc3 Rxc3 35.
Rc1 Qc8 36. Rxc3 Qxc3 0-1

[Event "World Rapid Team 2023"]
[Site "Dusseldorf GER"]
[Date "2023.08.28"]
[Round "12.1"]
[Board "1"]
[White "Orlov, Andrey"]
[Black "Anand, Viswanathan"]
[Result "1/2-1/2"]
[WhiteTitle "GM"]
[BlackTitle "GM"]
[WhiteElo "2503"]
[BlackElo "2754"]
[WhiteTeam "Duesseldorfer Schachklub 1914/25 e.V."]
[BlackTeam "Freedom"]
[WhiteFideId "4125282"]
[BlackFideId "5000017"]
[EventDate "2023.08.26"]

1. e4 c6 2. d4 d5 3. e5 Bf5 4. c4 e6 5. Nc3 Ne7 6. Nge2 Nd7 7. Ng3 Bg6 8. Be2
dxc4 9. Bxc4 Nd5 10. O-O Be7 11. a3 N7b6 12. Bb3 O-O 13. Qe2 Qd7 14. Nce4 Nc7
15. Rd1 Nbd5 16. Bg5 Rfd8 17. Nc5 Qc8 18. Bxe7 Nxe7 19. h4 h6 20. h5 Bh7 21. a4
a5 22. Rac1 Ncd5 23. Nce4 Qc7 24. Nd6 Rxd6 25. exd6 Qxd6 26. Bc2 Bxc2 27. Qxc2
Nf6 28. Qc5 Qd8 29. Qe5 Ned5 30. Ne4 Nxe4 31. Qxe4 Qb6 32. Qf3 Rd8 33. b3 Rd6
34. Rc5 Nb4 35. g4 Qd8 36. Qg3 b6 37. Rc4 c5 38. Rdc1 Rxd4 39. Rxd4 cxd4 40. Qf3
d3 41. Qe4 Na6 42. Rd1 Nc5 43. Qf3 Qg5 44. Kf1 Qe5 45. Qa8+ Kh7 46. Qf3 Qd4 47.
Qxf7 Qxg4 48. f3 Qh3+ 49. Kf2 Qh2+ 50. Ke3 Qe5+ 51. Kf2 Qd4+ 52. Kg3 Qd8 53. Kf2
Qh4+ 54. Ke3 Qg5+ 55. Kf2 Qh4+ 56. Ke3 Qg3 57. Qg6+ Qxg6 58. hxg6+ Kxg6 59. Rb1
Kf6 60. b4 Nxa4 61. bxa5 bxa5 62. Rb5 Nc3 63. Rxa5 g5 64. Kxd3 Nd5 65. Ke4 Nf4
66. Ra8 Ng6 67. Ra7 h5 68. Ke3 Ne7 69. Kf2 h4 70. Kg2 Ng6 71. Kh3 Ne5 72. Kg2
Nd3 73. Ra5 Nf4+ 74. Kh2 e5 75. Ra8 Ne6 76. Ra7 1/2-1/2

[Event "World Rapid Team 2023"]
[Site "Dusseldorf GER"]
[Date "2023.08.28"]
[Round "12.1"]
[Board "3"]
[White "Levin, Felix"]
[Black "Najer, Evgeniy"]
[Result "0-1"]
[WhiteTitle "GM"]
[BlackTitle "GM"]
[WhiteElo "2459"]
[BlackElo "2648"]
[WhiteTeam "Duesseldorfer Schachklub 1914/25 e.V."]
[BlackTeam "Freedom"]
[WhiteFideId "4650905"]
[BlackFideId "4118987"]
[EventDate "2023.08.26"]

1. d4 d5 2. Nf3 Nf6 3. Bf4 c5 4. e3 Nc6 5. Nbd2 Nh5 6. Be5 f6 7. Bg3 g6 8. c3 e6
9. Bd3 Bd7 10. Qe2 Kf7 11. O-O Nxg3 12. hxg3 Qb6 13. Rab1 a5 14. a4 Rd8 15. Bb5
Bc8 16. Rfe1 Bd6 17. dxc5 Bxc5 18. e4 Qc7 19. exd5 exd5 20. Nb3 Bb6 21. Nbd4
Rhe8 22. Qd2 Kg7 23. Rxe8 Rxe8 24. Re1 Rxe1+ 25. Qxe1 Ne5 26. Qe2 Kf7 27. Qd2
Qd6 28. Bf1 Bd7 29. Nb5 Nxf3+ 30. gxf3 Qxg3+ 31. Bg2 Bh3 32. Qxd5+ Kg7 33. Qxb7+
Kh6 34. f4 Bxf2+ 35. Kf1 Be3 0-1

[Event "World Rapid Team 2023"]
[Site "Dusseldorf GER"]
[Date "2023.08.28"]
[Round "12.1"]
[Board "4"]
[White "Sutovsky, Emil"]
[Black "Braun, Christian2"]
[Result "1/2-1/2"]
[WhiteTitle "GM"]
[BlackTitle "IM"]
[WhiteElo "2597"]
[BlackElo "2427"]
[WhiteTeam "Freedom"]
[BlackTeam "Duesseldorfer Schachklub 1914/25 e.V."]
[WhiteFideId "2802007"]
[BlackFideId "4692098"]
[EventDate "2023.08.26"]

1. e4 e6 2. d4 d5 3. Nd2 Be7 4. Ngf3 Nf6 5. e5 Nfd7 6. Bd3 c5 7. c3 Nc6 8. O-O
g5 9. Nb1 b6 10. Be3 Bb7 11. Na3 c4 12. Be2 a6 13. Nd2 Nf8 14. f4 gxf4 15. Bxf4
Ng6 16. Bh5 b5 17. Qf3 Qb6 18. Be3 O-O-O 19. Kh1 Ncxe5 20. Qh3 Nd3 21. Rxf7 Kb8
22. Nc2 Bd6 23. Qxe6 Rde8 24. Rxb7+ Kxb7 25. Qxd5+ Kb8 26. Ne4 Bf4 27. Bf3 Bxe3
28. Nxe3 Nh4 29. Nc5 Nxf3 30. gxf3 Nxc5 31. dxc5 Qe6 32. a4 Qxd5 33. Nxd5 Re5
34. Nb4 Re2 35. Nxa6+ Kc8 36. axb5 Rg8 37. b6 Rgg2 38. c6 Rxh2+ 1/2-1/2

[Event "World Rapid Team 2023"]
[Site "Dusseldorf GER"]
[Date "2023.08.28"]
[Round "12.1"]
[Board "5"]
[White "Zatonskih, Anna"]
[Black "Shuvalova, Polina"]
[Result "0-1"]
[WhiteTitle "IM"]
[BlackTitle "IM"]
[WhiteElo "2364"]
[BlackElo "2496"]
[WhiteTeam "Duesseldorfer Schachklub 1914/25 e.V."]
[BlackTeam "Freedom"]
[WhiteFideId "14101572"]
[BlackFideId "24171760"]
[EventDate "2023.08.26"]

1. d4 Nf6 2. c4 e6 3. Nc3 d5 4. cxd5 Nxd5 5. e4 Nxc3 6. bxc3 c5 7. Rb1 Be7 8.
Nf3 O-O 9. h4 b6 10. Bd3 h6 11. e5 Bb7 12. Rh3 f5 13. exf6 Bxf6 14. Bc2 c4 15.
Ng5 Qe8 16. Nh7 Rf7 17. Bg6 Be7 18. Ng5 hxg5 19. hxg5 Bd6 20. Kf1 Rxf2+ 21. Kxf2
Qxg6 22. Be3 Nd7 23. Rb5 Rf8+ 24. Kg1 Qe4 25. Qe2 Bd5 26. Rb2 Qf5 27. Rd2 Rf7
28. Rd1 Qe4 29. Rd2 Nf8 30. Rb2 Qf5 31. Rd2 Ng6 32. Rd1 Qe4 33. Re1 b5 34. Qd2
Qg4 35. Qc2 Rf5 36. a4 a6 37. axb5 axb5 38. Rb1 Be4 0-1

[Event "World Rapid Team 2023"]
[Site "Dusseldorf GER"]
[Date "2023.08.28"]
[Round "12.2"]
[Board "1"]
[White "Dominguez Perez, Leinier"]
[Black "Harikrishna, Pentala"]
[Result "1/2-1/2"]
[WhiteTitle "GM"]
[BlackTitle "GM"]
[WhiteElo "2739"]
[BlackElo "2711"]
[WhiteTeam "Chess Pensioners"]
[BlackTeam "Team MGD1"]
[WhiteFideId "3503240"]
[BlackFideId "5007003"]
[EventDate "2023.08.26"]

1. e4 e5 2. Nf3 Nc6 3. Bc4 Bc5 4. c3 Nf6 5. d3 d6 6. O-O a6 7. a4 Ba7 8. Re1 O-O
9. h3 h6 10. Nbd2 Re8 11. b4 Be6 12. Bxe6 Rxe6 13. Bb2 Re8 14. Nf1 d5 15. Qc2
Qd6 16. Ng3 dxe4 17. dxe4 Rad8 18. Qb3 Qe6 19. Qxe6 Rxe6 20. Red1 Red6 21. Rxd6
cxd6 22. Kf1 1/2-1/2

[Event "World Rapid Team 2023"]
[Site "Dusseldorf GER"]
[Date "2023.08.28"]
[Round "12.2"]
[Board "2"]
[White "Nihal, Sarin"]
[Black "Svidler, Peter"]
[Result "1/2-1/2"]
[WhiteTitle "GM"]
[BlackTitle "GM"]
[WhiteElo "2684"]
[BlackElo "2688"]
[WhiteTeam "Team MGD1"]
[BlackTeam "Chess Pensioners"]
[WhiteFideId "25092340"]
[BlackFideId "4102142"]
[EventDate "2023.08.26"]

1. d4 Nf6 2. Nf3 g6 3. Nc3 d5 4. Bf4 Bg7 5. Nb5 Na6 6. e3 O-O 7. h3 Ne4 8. c3 c6
9. Na3 f6 10. Be2 e5 11. Bh2 Nc7 12. O-O exd4 13. exd4 Ne6 14. Nc2 Bh6 15. Re1
Re8 16. Bf1 Bf4 17. Bxf4 Nxf4 18. Ne3 Be6 19. Nd2 Qc7 20. Qc2 Nd6 21. c4 Kg7 22.
c5 Nf7 23. b4 h5 24. b5 Re7 25. Nf3 Rae8 26. a4 Bd7 27. Qd2 Ng5 28. Nxg5 fxg5
29. Rab1 Qd8 30. a5 cxb5 31. Bxb5 Bxb5 32. Rxb5 g4 33. Nf5+ gxf5 34. Rxe7+ Qxe7
35. Qxf4 Kg6 36. Qd6+ Kg5 37. Rxb7 Qxd6 38. cxd6 Rd8 39. h4+ Kf4 40. Re7 g3 41.
d7 Kg4 42. Kf1 f4 43. fxg3 fxg3 44. Ke2 Kf4 45. a6 Kg4 46. Ke3 Kxh4 47. Rg7 Re8+
48. Kf4 Re4+ 49. Kf5 Rf4+ 50. Kg6 Rf6+ 51. Kh7 Rh6+ 52. Kg8 Rh8+ 53. Kf7 Rf8+
54. Ke7 Re8+ 55. Kd6 Re6+ 56. Kxd5 Rd6+ 57. Ke5 Re6+ 58. Kd5 Rd6+ 59. Kc5 Rc6+
60. Kd5 Rd6+ 61. Ke5 Re6+ 62. Kf4 Re4+ 63. Kf5 Re5+ 64. Kg6 Re6+ 65. Kh7 Rh6+
66. Kg8 Rh8+ 67. Kf7 Rf8+ 68. Ke7 Re8+ 69. dxe8=Q 1/2-1/2

[Event "World Rapid Team 2023"]
[Site "Dusseldorf GER"]
[Date "2023.08.28"]
[Round "12.2"]
[Board "4"]
[White "Sadhwani, Raunak"]
[Black "Sadvakasov, Darmen"]
[Result "1-0"]
[WhiteTitle "GM"]
[BlackTitle "GM"]
[WhiteElo "2624"]
[BlackElo "2629"]
[WhiteTeam "Team MGD1"]
[BlackTeam "Chess Pensioners"]
[WhiteFideId "35093487"]
[BlackFideId "13700464"]
[EventDate "2023.08.26"]

1. e4 c5 2. Nf3 d6 3. Bb5+ Bd7 4. Bxd7+ Nxd7 5. O-O Ngf6 6. Qe2 Rc8 7. c4 g6 8.
Nc3 Bg7 9. d4 cxd4 10. Nxd4 O-O 11. b3 a6 12. Bb2 Qa5 13. Nd5 Rfe8 14. a4 Nxd5
15. exd5 Nc5 16. Qc2 e5 17. dxe6 Nxe6 18. Nxe6 Rxe6 19. Bxg7 Kxg7 20. Rad1 b5
21. Qb2+ Kg8 22. b4 Qb6 23. cxb5 axb5 24. a5 Qb7 25. Rfe1 Qe7 26. Rxe6 fxe6 27.
h3 d5 28. Qe2 Qd7 29. Qe5 Rc6 30. Qb8+ Rc8 31. Qb6 Qc6 32. Qxc6 Rxc6 33. Ra1 Rc7
34. a6 Ra7 35. f4 Kf7 36. Kf2 g5 37. Ke3 gxf4+ 38. Kd4 Kf6 39. Kc5 Ra8 40. a7
Kf5 41. Kxb5 e5 42. Ka6 1-0

[Event "World Rapid Team 2023"]
[Site "Dusseldorf GER"]
[Date "2023.08.28"]
[Round "12.2"]
[Board "5"]
[White "Houska, Jovanka"]
[Black "Dronavalli, Harika"]
[Result "1/2-1/2"]
[WhiteTitle "IM"]
[BlackTitle "GM"]
[WhiteElo "2340"]
[BlackElo "2500"]
[WhiteTeam "Chess Pensioners"]
[BlackTeam "Team MGD1"]
[WhiteFideId "405094"]
[BlackFideId "5015197"]
[EventDate "2023.08.26"]

1. d4 g6 2. e4 Bg7 3. Nf3 d6 4. Bd3 Nf6 5. O-O O-O 6. h3 Nc6 7. Qe2 e5 8. dxe5
Nxe5 9. Nxe5 dxe5 10. Rd1 Nh5 11. Qf3 c6 12. Be3 Qc7 13. a4 Be6 14. Na3 Nf4 15.
Bc4 Bxc4 16. Nxc4 Ne6 17. c3 b6 18. Rd2 Rfd8 19. Rad1 Rxd2 20. Rxd2 Rd8 21. Qd1
Rxd2 22. Qxd2 Bf8 23. b4 h5 24. g3 Be7 25. h4 Bf8 26. Kg2 Be7 27. Kg1 Bf8 28.
Kg2 Be7 29. Kg1 1/2-1/2

[Event "World Rapid Team 2023"]
[Site "Dusseldorf GER"]
[Date "2023.08.28"]
[Round "12.3"]
[Board "1"]
[White "Sargissian, Gabriel"]
[Black "Aravindh, Chithambaram VR."]
[Result "1/2-1/2"]
[WhiteTitle "GM"]
[BlackTitle "GM"]
[WhiteElo "2692"]
[BlackElo "2645"]
[WhiteTeam "Armenia"]
[BlackTeam "Six-pack"]
[WhiteFideId "13300881"]
[BlackFideId "5072786"]
[EventDate "2023.08.26"]

1. Nf3 Nf6 2. c4 c5 3. Nc3 d5 4. cxd5 Nxd5 5. e3 e6 6. Bc4 Be7 7. O-O O-O 8. d4
cxd4 9. exd4 Nc6 10. Qe2 b6 11. Nxd5 exd5 12. Bb5 Bd7 13. Bf4 Bf6 14. Bxc6 Bxc6
15. Rfc1 Rc8 16. Ne5 Bb7 17. Rxc8 Qxc8 18. Rc1 Qf5 19. Qd2 Rc8 20. h3 h6 21. a3
Rxc1+ 1/2-1/2

[Event "World Rapid Team 2023"]
[Site "Dusseldorf GER"]
[Date "2023.08.28"]
[Round "12.3"]
[Board "2"]
[White "Mohammad, Nubairshah Shaikh"]
[Black "Martirosyan, Haik M."]
[Result "1/2-1/2"]
[WhiteTitle "IM"]
[BlackTitle "GM"]
[WhiteElo "2430"]
[BlackElo "2683"]
[WhiteTeam "Six-pack"]
[BlackTeam "Armenia"]
[WhiteFideId "5053196"]
[BlackFideId "13306553"]
[EventDate "2023.08.26"]

1. d4 Nf6 2. c4 e6 3. Nc3 Bb4 4. Qc2 O-O 5. e4 d5 6. e5 Ne4 7. Bd3 c5 8. Ne2
cxd4 9. Nxd4 Nd7 10. Bf4 Qh4 11. g3 Qh5 12. O-O g5 13. cxd5 Bxc3 14. bxc3 exd5
15. Bxe4 dxe4 16. e6 gxf4 17. exd7 Bxd7 18. Qxe4 fxg3 19. fxg3 b6 20. Nf5 Rae8
21. Ne7+ Kg7 22. Qd4+ f6 23. Rae1 Qc5 1/2-1/2

[Event "World Rapid Team 2023"]
[Site "Dusseldorf GER"]
[Date "2023.08.28"]
[Round "12.3"]
[Board "3"]
[White "Sargsyan, Shant"]
[Black "Karthik, Venkataraman"]
[Result "1/2-1/2"]
[WhiteTitle "GM"]
[BlackTitle "GM"]
[WhiteElo "2639"]
[BlackElo "2562"]
[WhiteTeam "Armenia"]
[BlackTeam "Six-pack"]
[WhiteFideId "13306766"]
[BlackFideId "25006479"]
[EventDate "2023.08.26"]

1. d4 d5 2. c4 c6 3. Nf3 Nf6 4. Nc3 dxc4 5. a4 Bf5 6. Ne5 e6 7. f3 Bb4 8. Nxc4
O-O 9. Kf2 h6 10. e4 Bh7 11. Be3 Nfd7 12. Qb3 a5 13. Na2 Na6 14. Nxb4 Nxb4 15.
Ne5 Kh8 16. Nd3 f5 17. Nxb4 axb4 18. exf5 exf5 19. Bf4 Qb6 20. Bc4 Qxd4+ 21. Be3
Qf6 22. Rhd1 Ne5 23. Bf1 Qh4+ 24. Kg1 Bg8 25. Qc2 Bd5 26. Qf2 Qh5 27. Bf4 Ng6
28. Bd6 Rf6 29. Bxb4 Nh4 30. Rxd5 cxd5 31. Bc3 Rg6 32. Kh1 f4 33. Re1 Rg5 34.
Bd2 Rf8 35. b4 d4 36. Re4 Ng6 37. Rxd4 Rd5 38. Bc3 Rc8 39. Qd2 Ne7 40. Bb2 Rxd4
41. Qxd4 Qg5 42. Qd7 Rc2 43. Bd4 Rc1 44. Kg1 Nf5 45. Qe8+ Kh7 46. Qe4 Qg6 47.
Qxf4 Nxd4 48. Qxc1 Nxf3+ 49. Kh1 Ne5 50. h3 Qe4 51. Qc5 Qf4 52. Qc2+ Kh8 53.
Qc8+ Kh7 54. Qc2+ Kh8 55. Qb1 g5 56. b5 Qxa4 57. Qf5 Qf4 58. Qc8+ Kg7 59. Qxb7+
Kg6 60. Qb6+ 1/2-1/2

[Event "World Rapid Team 2023"]
[Site "Dusseldorf GER"]
[Date "2023.08.28"]
[Round "12.3"]
[Board "4"]
[White "Pranesh, M"]
[Black "Gharibyan, Mamikon"]
[Result "1/2-1/2"]
[WhiteTitle "GM"]
[BlackTitle "IM"]
[WhiteElo "2503"]
[BlackElo "2494"]
[WhiteTeam "Six-pack"]
[BlackTeam "Armenia"]
[WhiteFideId "35028600"]
[BlackFideId "13308300"]
[EventDate "2023.08.26"]

1. e4 e5 2. Nf3 Nc6 3. Bb5 a6 4. Ba4 Nf6 5. O-O Be7 6. Re1 b5 7. Bb3 O-O 8. a4
Bb7 9. d3 d6 10. Bd2 Qd7 11. Nc3 Na5 12. Ba2 b4 13. Ne2 c5 14. Ng3 Bc8 15. Nf5
Qd8 16. N3h4 Ne8 17. Nxe7+ Qxe7 18. Nf5 Bxf5 19. exf5 Qd7 20. g4 Rc8 21. Bd5 Nc6
22. c3 bxc3 23. bxc3 Ne7 24. Bg2 c4 25. Qe2 h5 26. h3 cxd3 27. Qxd3 Nf6 28. g5
e4 29. Qxa6 Nfd5 30. Bxe4 Nxc3 31. Bh1 d5 32. f6 Ng6 33. fxg7 Rfd8 34. Qd3 Nxa4
35. Qf3 Rc4 36. Ba5 Rf4 37. Qa3 Rc8 38. Rad1 d4 39. Qg3 h4 40. Qb3 Nc5 41. Qa3
Ne6 42. Bd2 Nxg5 43. Bg2 Rf5 44. Rb1 Ne6 45. Rb7 Qd8 46. Be4 Re5 47. Ra7 Qf6 48.
Kf1 Kxg7 49. Ra5 Rxa5 50. Qxa5 Nc5 51. Qa3 Nxe4 52. Rxe4 Rd8 53. Rg4 Qf5 54. Kg2
Qd5+ 55. Qf3 Qxf3+ 56. Kxf3 f5 57. Rg1 Rb8 58. Ke2 Rb3 59. f3 Kf6 60. Ra1 Ne5
61. Ra6+ Kf7 62. Ra7+ Ke6 63. Ra6+ Kd7 64. Ra5 d3+ 65. Kd1 Nc4 66. Rc5 Rb1+ 67.
Bc1 Rb4 68. Rd5+ Ke6 69. Rxd3 Ne5 70. Ra3 f4 71. Ke2 Kf5 72. Ra5 Rb3 73. Bd2 Ke6
74. Bxf4 Rb2+ 75. Kf1 Nxf3 76. Be3 Nh2+ 77. Kg1 Nf3+ 78. Kf1 Nh2+ 79. Kg1 Nf3+
80. Kf1 1/2-1/2

[Event "World Rapid Team 2023"]
[Site "Dusseldorf GER"]
[Date "2023.08.28"]
[Round "12.3"]
[Board "5"]
[White "Danielian, Elina"]
[Black "Priyanka, Nutakki"]
[Result "1/2-1/2"]
[WhiteTitle "GM"]
[BlackTitle "WGM"]
[WhiteElo "2416"]
[BlackElo "2283"]
[WhiteTeam "Armenia"]
[BlackTeam "Six-pack"]
[WhiteFideId "13300210"]
[BlackFideId "25049615"]
[EventDate "2023.08.26"]

1. Nf3 d5 2. g3 Nf6 3. Bg2 c5 4. O-O e6 5. d4 cxd4 6. Nxd4 h6 7. c4 Be7 8. cxd5
Nxd5 9. e4 Nb4 10. Nc3 O-O 11. Be3 N8c6 12. a3 Nxd4 13. axb4 Nc6 14. b5 Nb4 15.
Qb3 a5 16. Rfd1 Bd7 17. e5 Qe8 18. Bxb7 Rb8 19. Bf3 Bxb5 20. Rxa5 Bc6 21. Bxc6
Nxc6 22. Rb5 Nxe5 23. Bf4 Rxb5 24. Nxb5 Ng6 25. Bd6 Bxd6 26. Nxd6 Qc6 27. Qc4
Qb6 28. Qb5 Qxb5 29. Nxb5 Rb8 30. Nd6 Rxb2 31. Ra1 Rb8 32. Ra7 f6 33. h4 Ne5 34.
Re7 Kf8 35. Rxe6 Nf3+ 36. Kg2 Ne5 37. h5 Nf7 38. Nf5 Rb5 39. g4 Rb4 40. f3 Rb2+
41. Kg3 Rb3 42. Ra6 Ne5 43. Ra8+ Kf7 44. Ra7+ Kf8 45. Nd4 Rd3 46. Ne6+ Kg8 47.
Rxg7+ Kh8 48. Ra7 Rxf3+ 49. Kg2 Rc3 50. Ra8+ Kh7 51. Ra7+ Kg8 52. Ra4 Kf7 53.
Nd4 Nxg4 54. Ra7+ Kg8 55. Ra8+ Kf7 56. Ra7+ Kg8 57. Ra8+ Kf7 58. Ra7+ 1/2-1/2

[Event "World Rapid Team 2023"]
[Site "Dusseldorf GER"]
[Date "2023.08.28"]
[Round "12.3"]
[Board "6"]
[White "Dinesh, Rajan M"]
[Black "Atoyan, Alberto"]
[Result "0-1"]
[WhiteElo "1904"]
[BlackElo "1896"]
[WhiteTeam "Six-pack"]
[BlackTeam "Armenia"]
[WhiteFideId "35060600"]
[BlackFideId "13314831"]
[EventDate "2023.08.26"]

1. e4 c5 2. Nf3 d6 3. d4 cxd4 4. Nxd4 Nf6 5. Nc3 a6 6. Be3 e5 7. Nf3 Qc7 8. a4
Be6 9. h3 h6 10. Be2 Nbd7 11. O-O Be7 12. a5 Rc8 13. Nd5 Qc6 14. Nxe7 Kxe7 15.
Bd3 Nxe4 16. Re1 Nef6 17. c3 Rhd8 18. Bc2 Kf8 19. Ra4 Nc5 20. Rh4 Bd5 21. Qe2
Bxf3 22. gxf3 Re8 23. Bd2 Nd5 24. Qc4 Ne6 25. Qxc6 bxc6 26. Bd3 Ra8 27. Rc4 Ndf4
28. Bf1 c5 29. Be3 Rec8 30. Ra4 f6 31. b4 c4 32. Rd1 d5 33. Bb6 Ke7 34. Rb1 Nc7
35. Bxc7 Rxc7 36. b5 axb5 37. Rxb5 Kd6 38. Rb6+ Rc6 39. Rb7 Ne6 40. Ra2 Rca6 41.
Rab2 R8a7 42. Rxa7 Rxa7 43. Rb6+ Kd7 44. h4 Nf4 45. Rb5 Kc6 46. Rb6+ Kc5 47. Rb8
Rxa5 48. Rg8 Ra3 49. Rxg7 Rxc3 50. Rh7 Rc1 51. Rxh6 c3 52. Rxf6 c2 53. Rf8 Rxf1+
54. Kh2 Rh1+ 55. Kxh1 c1=Q+ 56. Kh2 Qf1 57. Rxf4 Qxf2+ 58. Kh1 exf4 59. h5 Qxf3+ 0-1